| 000 | 00522nam a2200193Ia 4500 | ||
|---|---|---|---|
| 005 | 20260429112045.0 | ||
| 008 | 260429s9999||||xx |||||||||||||| ||und|| | ||
| 020 | _a9789369678150 | ||
| 041 | _aEnglish | ||
| 082 |
_a302.23 _bGUP |
||
| 100 | _aGupta, Renu | ||
| 245 | 0 |
_aMedia literacy for the modern age / _cRenu Gupta |
|
| 250 | _a1st ed. | ||
| 260 |
_aNew Delhi : _bScientific Books International, _c2026. |
||
| 300 | _a262 p.; hb | ||
| 650 | _a Communication studies | ||
| 650 | _aMedia literacy | ||
| 942 | _cTB | ||
| 999 |
_c52124 _d52124 |
||